000 00304nam a2200133Ia 4500
100 _aBell / david A
942 _cBK
654 _amanual
245 _aLab Manual for Electronic Devices and circuits
260 _bPrentice Hall
_c2003
082 _a621.3815
_bBEL
300 _a246
546 _aENGLISH
999 _c26255
_d26255